000 00293nam a2200121Ia 4500
008 191201s2013 xx 000 0 und d
100 _aKELLY, Anthony
245 0 _aMaintenance Planning and Control
260 _aN. delhi
_bEWP
_c2013
300 _a329
650 _aB.Tech(ME)
942 _2ddc
_cBK
999 _c6123
_d6123